Jeu de mot avec lama - Statistiques

Statistiques générales
  • Ce quiz a été pris 205 fois
  • Le résultat moyen est 11 sur 30
Statistiques - réponses
Hint Réponse % Correct
Camelidé qui n'est pas professionnel Lamateur
80%
Camelidé qui a des enfants Lamaman
56%
Camelidé en bande organisée italienne Lamafia
53%
Camelidé qui prend soin de ses ongles Lamanucure
53%
Camelidé qui fait tout tomber Lamaladroit
49%
Camelidé qui vient du Maroc Lamarocain
49%
Camelidé à base d'oeufs, de moutarde et d'huile Lamayonnaise
49%
Camelidé superbe Lamagnifique
47%
Camelidé d'escalier Lamarche
47%
Camelidé en confiture Lamarmelade
46%
Camelidé pachydermique de la Préhistoire Lamammouth
43%
Camelidé qui vend des trucs Lamarchand
42%
Camelidé qui a écrit des poèmes Lamartine
42%
Camelidé qui se fait plaisir seul Lamasturbation
41%
Camelidé qui s'unit pour le meilleur et pour le pire Lamariage
40%
Camelidé qui porte un t-shirt rayé Lamarinière
39%
Camelidé qui chante la France Lamarseillaise
38%
Camelidé du matin Lamatinée
35%
Camelidé qui se sent pas très bien Lamaladie
34%
Camelidé qui peut désarmer une bombe avec un trombone Lamacgyver
32%
Camelidé de Poudlard Lamagicien
29%
Camelidé qui danse Lamacarena
22%
Camelidé qui représente la Terre Lamappemonde
19%
Camelidé qui est aussi un dauphin Lamarsouin
18%
Camelidé qui ne bluffe pas dans la Cité de la Peur Lamartoni
16%
Camelidé qui mange des salades Lamache
15%
Camelidé de défense de chateau fort Lamachicoulis
13%
Camelidé rouge Lamagenta
10%
Camelidé monarchique Lamajesté
8%
Camelidé d'Afrique Lamalawi
4%
Aucun quiz correspondant
Distribution des résultats
% des personnes avec chaque résultat
Percentile par nombre de réponses
Votre historique - résultats
Vous n’avez pas pris ce quiz